| 000 | 00746nam a22001817a 4500 | ||
|---|---|---|---|
| 999 |
_c15070 _d15070 |
||
| 003 | OSt | ||
| 082 | _2631.3 LIY/ST | ||
| 088 | _aP 156 | ||
| 100 |
_aLIYA JOY _aSREEJA S _aSUSHIL SIVARAM _93370 |
||
| 245 | _aStudies on the feasibility of a pneumatic injector for seeding of rice | ||
| 260 |
_aTavanur 2005 _bKelappaji College of Agricultural Engineering and Technology |
||
| 300 | _a64 | ||
| 500 | _aStudies on the feasibility of a pneumatic injector for seeding of rice | ||
| 520 | _ato design and develop a pneumatic paddy seed injector. to test the performance of paddy seed injector. three models. | ||
| 700 |
_aEr. Manoj Mathew (Guide) _93371 |
||
| 856 | _uhttps://drive.google.com/open?id=1spzfQkFad6arQlTgXmX5VjigA34gSNqN | ||
| 942 | _cPR | ||